| 000 | 01093nam a2200373 a 4500 | ||
|---|---|---|---|
| 001 | vtls000387988 | ||
| 003 | NLI | ||
| 005 | 20210602184346.0 | ||
| 008 | 110114s2004 ii 000 1 hin | ||
| 020 |
_a8170650690(hbk) _cRs.75.00 |
||
| 039 | 9 |
_y201101140045 _zVLOAD |
|
| 040 |
_aNLI : _beng _cNLMARC21 |
||
| 041 | 0 | _ahin | |
| 044 | _aii | ||
| 082 | 0 | 4 |
_a891.433 _222 |
| 100 | 1 |
_6880-01 _aकलकत्ते, जी.पी. _9719 |
|
| 245 | 1 | 0 |
_6880-02 _aतोल/ _cजी.पी. कलकत्ते |
| 260 |
_aनई दिल्ली : _bआशा प्रकाशन, _c2004 |
||
| 300 |
_a117 p.; _c18 cm. |
||
| 650 | 0 |
_aHindi fiction _989772 |
|
| 700 | 1 | _6880-03 | |
| 700 | 1 | _6880-04 | |
| 880 | 1 |
_6100-01/(B _aKalkatte, G.P. |
|
| 880 | 1 | 0 |
_6245-02 /(B _aTol _cG.P. Kalkatte |
| 880 | 1 | _6700-03 /(B | |
| 880 | 1 | _6700-04 /(B | |
| 887 | _aS.G.Ahmad | ||
| 901 |
_a81063 _b23.03.2005 |
||
| 902 | _aH 891.433 K 211 | ||
| 904 | _aS.G.Ahmad | ||
| 942 |
_2ddc _cBKS |
||
| 949 |
_AVIRTUAITEM _D10001 _X100 _6DBA000081063HIN _a H 891.433 K 211 |
||
| 999 |
_aVIRTUA40 _c344151 _d344151 |
||